[Event "Reykjavik op"]
[Site "Reykjavik"]
[Date "2024.03.18"]
[Round "5"]
[White "Mistilioglou, Athanasios"]
[Black "Slikker, Willem"]
[Result "0-1"]
[WhiteElo "1772"]
[BlackElo "1936"]
[PlyCount "32"]
[EventDate "2024.03.15"]
[EventType "swiss"]
[EventRounds "9"]
[EventCountry "ISL"]
[SourceTitle "CB13_2024"]
[SourceDate "2024.03.27"]
[SourceVersion "1"]
[SourceVersionDate "2024.03.27"]
[SourceQuality "1"]

1. c4 c5 2. Nf3 Nf6 3. Nc3 Nc6 4. d4 cxd4 5. Nxd4 e5 6. Ndb5 d6 7. Bg5 a6 8. Na3 Be6 9. e3 Be7 10. Bxf6 Bxf6 11. Be2 0-0 12. Bf3 Qa5 13. 0-0 e4 14. Bxe4 Bxc3 15. Qb3 Bf6 16. Qxb7 Nb4 0-1

[Event "Reykjavik op"]
[Site "Reykjavik"]
[Date "2024.03.16"]
[Round "3"]
[White "Mistilioglou, Athanasios"]
[Black "Manukonda, Arun"]
[Result "1-0"]
[WhiteElo "1772"]
[BlackElo "1974"]
[PlyCount "147"]
[EventDate "2024.03.15"]
[EventType "swiss"]
[EventRounds "9"]
[EventCountry "ISL"]
[SourceTitle "CB13_2024"]
[SourceDate "2024.03.27"]
[SourceVersion "1"]
[SourceVersionDate "2024.03.27"]
[SourceQuality "1"]

1. c4 e5 2. Nc3 Bb4 3. Qc2 Bxc3 4. bxc3 d6 5. d4 Nc6 6. e3 Nge7 7. Bd3 f5 8. Ba3 0-0 9. g4 e4 10. Be2 fxg4 11. h3 g3 12. fxg3 Nf5 13. Qxe4 Re8 14. Qd5+ Kh8 15. 0-0-0 Nxe3 16. Qh5 g6 17. Qh6 Nxd1 18. Kxd1 Qe7 19. Bc1 Qg7 20. Qh4 Bf5 21. Bh6 Qf7 22. g4 Bb1 23. Rh2 Rf8 24. Nf3 Bd3 25. Ng5 Bxe2+ 26. Rxe2 Qf1+ 27. Kd2 Rf7 28. Nxf7+ Qxf7 29. Rf2 Qe7 30. Rf6 Re8 31. Qf2 Kg8 32. h4 Nb8 33. h5 Nd7 34. Rf3 Nb6 35. Qf1 g5 36. Rf5 Qe3+ 37. Kd1 Nd7 38. Rxg5+ Kh8 39. Rg8+ Kxg8 40. Bxe3 Rxe3 41. Qf5 Re7 42. g5 Rf7 43. Qd5 Nf8 44. Qxb7 Kg7 45. Qxa7 Ne6 46. Qa5 c5 47. g6 hxg6 48. hxg6 Kxg6 49. Qb6 cxd4 50. cxd4 Rf4 51. d5 Nd4 52. Qxd6+ Kf5 53. Qe7 Re4 54. d6 Ne6 55. Qh7+ Ke5 56. d7 Rd4+ 57. Kc1 Rxc4+ 58. Kb2 Rd4 59. Kc3 Rd6 60. Qh5+ Kf6 61. Qe8 Ke5 62. Qe7 Kd5 63. Qf7 Ke5 64. a4 Rd5 65. Qe7 Rd6 66. Kb4 Kd5 67. a5 Ke5 68. Kb5 Rd5+ 69. Kb6 Rd6+ 70. Kb5 Rd5+ 71. Kb4 Rd6 72. a6 Rb6+ 73. Kc4 Rd6 74. a7 1-0

[Event "Athens Kypseli op 3rd"]
[Site "Athens"]
[Date "2020.02.03"]
[Round "4"]
[White "Mistilioglou, Athanasios"]
[Black "Galanos, Dimitrios"]
[Result "0-1"]
[WhiteElo "1618"]
[BlackElo "1951"]
[PlyCount "52"]
[EventDate "2020.01.13"]
[EventType "swiss"]
[EventRounds "7"]
[EventCountry "GRE"]
[SourceTitle "EXT 2021"]
[Source "ChessBase"]
[SourceDate "2020.10.23"]
[SourceVersion "1"]
[SourceVersionDate "2020.10.23"]
[SourceQuality "1"]

1. e4 e5 2. Nf3 Nf6 3. Nxe5 d6 4. Nf3 Nxe4 5. Nc3 Nxc3 6. dxc3 Be7 7. Bf4 Nc6 8. Qd2 Be6 9. 0-0-0 h6 10. Kb1 0-0 11. Bd3 f5 12. Rde1 Bd5 13. c4 Bxf3 14. gxf3 g5 15. Rhg1 Kh8 16. Re6 Rf6 17. Qc3 gxf4 18. Rg6 Ne5 19. Rexf6 Bxf6 20. Rxh6+ Kg7 21. Rh5 Nxd3 22. Qxd3 Qe8 23. Rh7+ Kxh7 24. Qxf5+ Qg6 25. Qd7+ Bg7 26. h4 Qg1# 0-1